00626cam a2200181 a 4500003000500000005001700005008004100022010001000063011001000073035001000083040000900093110006800102245011200170260009300282300001900375650003100394650001900425CHAP20220817043423.0980313d1996 ii a r 00010 eng d a74921 a75893 a85466 cCHAP2 aInternational Center for Agricultural Research in the Dry Areas10aBiodiversity :ba key to food securityc/by International Center for Agricultural Research in the Dry Areas aAleppo, Syria :bInternational Center for Agricultural Research in the Dry Areas,c1996. a18 p. :bilus.14aAlimentosxAbastecimiento.14aBiodiversidad.